UM Logo

American policing at a crossroads: (Record no. 16538)

MARC details
000 -LEADER
fixed length control field 00763nam a2200193 4500
008 - FIXED-LENGTH DATA ELEMENTS--GENERAL INFORMATION
fixed length control field 220223b ||||| |||| 00| 0 eng d
022 ## - INTERNATIONAL STANDARD SERIAL NUMBER
International Standard Serial Number 0091-4169
082 ## - DEWEY DECIMAL CLASSIFICATION NUMBER
Classification number DPer 364.05 J82 2011 v101 n.2
100 ## - MAIN ENTRY--PERSONAL NAME
Personal name Schulhofer, Stephen J.
9 (RLIN) 44044
245 ## - TITLE STATEMENT
Title American policing at a crossroads:
Remainder of title unsustainable policies and the procedural justice alternative/
Statement of responsibility, etc. Stephen J. Schulhofer, Tom R. Tyler and Aziz Z. Huq.
260 ## - PUBLICATION, DISTRIBUTION, ETC. (IMPRINT)
Place of publication, distribution, etc. Evanston:
Name of publisher, distributor, etc. Northwestern University Press,
Date of publication, distribution, etc. c2011.
300 ## - PHYSICAL DESCRIPTION
Extent v101 n2, pages 335-374;
Dimensions 25 cm.
500 ## - GENERAL NOTE
General note The Journal of Criminal Law and Criminology.
650 ## - SUBJECT ADDED ENTRY--TOPICAL TERM
Topical term or geographic name as entry element Criminal law.
9 (RLIN) 44045
650 ## - SUBJECT ADDED ENTRY--TOPICAL TERM
Topical term or geographic name as entry element Criminal procedure.
9 (RLIN) 44046
700 ## - ADDED ENTRY--PERSONAL NAME
Personal name Tyler, T. R.
Relator term Author.
9 (RLIN) 44047
700 ## - ADDED ENTRY--PERSONAL NAME
Personal name Huq, A. Z.
Relator term Author.
9 (RLIN) 44048
942 ## - ADDED ENTRY ELEMENTS (KOHA)
Source of classification or shelving scheme Dewey Decimal Classification
Koha item type Periodicals
Holdings
Withdrawn status Lost status Source of classification or shelving scheme Damaged status Not for loan Collection code Home library Current library Date acquired Total Checkouts Full call number Date last seen Price effective from Koha item type Public note
    Dewey Decimal Classification     Periodicals UM Digos College - LIC UM Digos College - LIC 02/23/2022   DPer 364.05 J82 2011 v101 n.2 02/23/2022 02/23/2022 Periodicals Periodical article